Personal history / (Record no. 12865)

MARC details
000 -BAŞLIK
Sabit Uzunlukta Kontrol Alanı 00748nam a22002297a 4500
999 ## - SİSTEM KONTROL NUMARALARI (KOHA)
Koha Biblionumber 12865
Koha Biblioitemnumber 12865
003 - KONTROL NUMARASI IDENTIFIER
Denetim Alanı MIRAKIL
005 - SON İŞLEM TARİHİ VE ZAMANI
Denetim Alanı 20190307143305.0
008 - SABİT-BOY VERİ ELEMANLARI - GENEL BİLGİLER
Sabit Uzunlukta Kontrol Alanı 190307b tu ||||| |||| 00| 0 tur d
020 ## - ULUSLARARASI STANDART KİTAP NUMARASI
Uluslararası Standart Kitap Numarası 0375701044
040 ## - KATALOGLAMA KAYNAK
Orijinal Kataloglama Ajansı TR-AnCHP
Metne Dönüştürmek Ajansı TR-AnCHP
041 ## - DİL KODU
Metin / Ses Parça Veya Ayrı Başlığın Dil Kodu eng
082 ## - DEWEY ONLU SINIFLANDIRMA NUMARASI
Sınıflandırma Numarası 070.5092
Ürün Numarası G62p 1998
100 1# - ANA GİRİŞ - KİŞİSEL İSİM
Kişisel Ad Graham, Katharine,
Bir Adıyla İlişkilendirilen Tarihler 1917-2001.
245 10 - BAŞLIK TABLOSU
Başlık Personal history /
Sorumluluk Tablosu, Vb Katharine Graham.
260 ## - YAYIN, DAĞITIM, VB
Yayın, Dağıtım, Vb Yeri New York :
Yayıncı, Dağıtıcı, Vs Adı Vintage,
Yayın, Dağıtım, Vb Tarihi 1998.
300 ## - FİZİKSEL TANIM
Kapsam ix, 642 s. :
Diğer Fiziksel Ayrıntıları fotğ.,
Boyutlar 21 sm.
504 ## - KAYNAKÇA VB NOT
Kaynakça Vb Notu Dizin vardır.
600 10 - KONU KATMA GİRİŞ - KURUMSAL ADI
Kişisel Ad Graham, Katharine,
Bir Adıyla İlişkilendirilen Tarihler 1917-2001.
650 #0 - KONU KATMA GİRİŞ - TOPİKAL DÖNEM
Topikal Süreli Veya Coğrafi Ad Giriş Elemanı Gazete yayıncılığı
Coğrafi Alt Bölümü Washington (D.C.)
Genel Alt Bölümü Tarih
Kronolojik Alt Bölümü 20.yy.
9 (RLIN) 5346
650 #0 - KONU KATMA GİRİŞ - TOPİKAL DÖNEM
Topikal Süreli Veya Coğrafi Ad Giriş Elemanı Yayıncılar ve yayıncılık
Coğrafi Alt Bölümü Amerika Birleşik Devletleri
Genel Alt Bölümü yaşamöyküsü
9 (RLIN) 5347
942 ## - EKLENDİ GİRİŞ ELEMANLARI (KOHA)
Sınıflandırma Veya Raf Düzeni Kaynak Dewey Decimal Classification
Koha Öğesi Türü Books
Holdings
Kalıcı Konum Mevcut Konum Edinme Tarihi Edinim Kaynak Toplam Check-Out'Lar Tam Çağrı Numarası Barkod Tarih Son Görülme İtibaren Geçerli Fiyatlar Sigara Kamu Notu Koha Öğesi Türü
CHP Kütüphanesi CHP Kütüphanesi 03/07/2019 Bağış   070.5092 G62p 1998 018953 03/07/2019 03/07/2019 Ertuğrul Çepni bağışıdır. Books